000 00252nam a22001097a 4500
041 _aENG
245 _aUltimate Visual Dictionary
260 _aNew York
_bDonling Kindersley
_c2001
300 _a640
650 _aDictionary
856 _uDictionary ( 28 )
999 _c2288
_d2288